| 000 | 00806nam0a22002531 4500 | ||
|---|---|---|---|
| 001 | rc\256200 | ||
| 005 | 20250621023635.0 | ||
| 010 |
_a5-217-00519-X _92400 |
||
| 035 | _a(NLR Aleph) 005527812 | ||
| 090 |
_a5577038 _c5577038 |
||
| 100 | _a20030307d1990 |||y0rusy50 ca | ||
| 101 | 0 | _arus | |
| 102 | _aRU | ||
| 105 | _aa ||||||||| | ||
| 200 | 1 | _aКомплексное наведение летательных аппаратов и отделяемых средств | |
| 210 |
_aМ. _cМашиностроение _d1990 |
||
| 215 |
_a271 с. _cил. _d20 |
||
| 320 | _aБиблиогр.: с. 265 (12 назв.) | ||
| 700 | 1 |
_aМубаракшин _bР.В. _gРахим Валеевич |
|
| 801 | 0 |
_aRU _bNLR _gpsbo |
|
| 801 | 1 |
_aRU _bELAR _2rusmarc |
|
| 852 |
_aNLR _j90-3/2284 |
||
| 942 | _cBOOK | ||
| 980 | _aNB | ||